000 00599nam 22001933 4500
001 199144
090 _a199144
100 _a20251119d u||y0pory50 ba
200 _aDurkheim
_fJean Duvignaud
_gtradução de Joaquim João Braga
210 _aLisboa
_cEdições 70
_dimp. 1982
215 _a92, [4] p.
_cbrochado
_d22 cm
225 _aBiblioteca básica de filosofia
_h19
606 _935
_aSociologia. Demografia.Estatística
675 _a31
_vPT
_zpor
700 _915040
_aDuvignaud
_bJean
_f1921-2007
702 _915041
_aBraga
_bJoaquim João
801 _aPT
_bBMMN
_gRPC
830 _cVanda
990 _cLIVROS